| 000 | 00331nam a2200109Ia 4500 | ||
|---|---|---|---|
| 008 | 171211s9999 xx 000 0 und d | ||
| 245 | _aEmpire in British Girls' Literature and Culture: Imperial Girls, 1880-1915 | ||
| 245 | _cM. Smith | ||
| 260 | _c2012 | ||
| 650 | _xCULTURE | ||
| 856 | _uhttp://down.ebook777.com/062/023027286X.pdf | ||
| 999 |
_c347850 _d347850 |
||